000 01054nac a22002771i 4500
003 EG-ScBUE
005 20230527103938.0
008 230527t2006 maua f b 001 0 eng d
020 _a0205361072 (pbk.)
020 _a9780205361076
040 _aEG-ScBUE
_beng
_erda
_cEG-ScBUE
_dEG-ScBUE
082 0 4 _a778.59
_bCOM
_222
100 1 _aCompesi, Ronald J.,
_eauthor.
245 1 0 _aIntroduction to video production :
_bstudio, field, and beyond /
_cRonald J. Compesi, San Francisco State University, Jaime S. Gomez, Eastern Connecticut State University.
264 1 _aBoston :
_bPearson/Allyn and Bacon,
_c[2006]
264 4 _cc2006
300 _axii, 388 pages :
_billustrations (some color) ;
_c24 cm
336 _2rdacontent
_atext
_btxt
337 _2rdamedia
_aunmediated
_bn
338 _2rdacarrier
_avolume
_bnc
504 _aIncludes bibliographical references and index.
650 7 _aVideo recordings
_xProduction and direction.
_2BUEsh
655 _vReading book
700 1 _aGomez, Jaime S.,
_eauthor.
942 _cBB
_k778.59 COM
_2ddc
999 _c8994
_d8994